Los españoles cautivos en Marruecos desde 1867 (Record no. 157988)

MARC details
000 -LEADER
campo de control de longitud fija 01357nam a22002535i 4500
001 - NÚMERO DE CONTROL
campo de control 157988
003 - IDENTIFICADOR DE NÚMERO DE CONTROL
campo de control ES-MaACL
005 - FECHA Y HORA DE LA ÚLTIMA TRANSACCIÓN
campo de control 20250907063118.0
008 - DATOS DE LONGITUD FIJA--INFORMACIÓN GENERAL
campo de control de longitud fija 990224s1870 sp |||| | spa d
040 ## - FUENTE DE CATALOGACIÓN
Centro catalogador/agencia de origen CCPB | B
Lengua de catalogación spa
Centro/agencia transcriptor CCPB | B
100 1# - ENTRADA PRINCIPAL--NOMBRE DE PERSONA
Nombre de persona López Botas, Antonio,
Fechas asociadas al nombre 1818-1888
9 (RLIN) 129195
245 14 - MENCIÓN DEL TÍTULO
Título Los españoles cautivos en Marruecos desde 1867
Resto del título : observaciones sobre el resultado de los expedientes /
Mención de responsabilidad, etc. por Antonio Lopez Botas.
260 ## - PUBLICACIÓN, DISTRIBUCIÓN, ETC.
Lugar de publicación, distribución, etc. [S.l. :
Nombre del editor, distribuidor, etc. s.n.],
Fecha de publicación, distribución, etc. 1870.
300 ## - DESCRIPCIÓN FÍSICA
Extensión 57 p. ;
Dimensiones 21 cm.
596 ## - NOTA AL PIE DE IMPRENTA
NOTA AL PIE DE IMPRENTA Texto firmado en Madrid, 1870.
597 ## - NOTA DE DESCRIPCIÓN FÍSICA
NOTA DE DESCRIPCIÓN FÍSICA Signaturizado.
650 #4 - PUNTO DE ACCESO ADICIONAL DE MATERIA--TÉRMINO DE MATERIA
Término de materia o nombre geográfico como elemento de entrada Cautivos-
Subdivisión geográfica Marruecos-
Subdivisión de forma Historia.
9 (RLIN) 158840
650 #4 - PUNTO DE ACCESO ADICIONAL DE MATERIA--TÉRMINO DE MATERIA
Término de materia o nombre geográfico como elemento de entrada Españoles-
Subdivisión geográfica Marruecos-
Subdivisión de forma Historia.
9 (RLIN) 158841
651 #4 - PUNTO DE ACCESO ADICIONAL DE MATERIA--NOMBRE GEOGRÁFICO
Nombre geográfico España-
Subdivisión general Relaciones-
Subdivisión geográfica Marruecos.
9 (RLIN) 8470
651 #4 - PUNTO DE ACCESO ADICIONAL DE MATERIA--NOMBRE GEOGRÁFICO
Nombre geográfico Marruecos-
Subdivisión general Relaciones-
Subdivisión geográfica España.
9 (RLIN) 9034
651 #4 - PUNTO DE ACCESO ADICIONAL DE MATERIA--NOMBRE GEOGRÁFICO
Nombre geográfico España-
Subdivisión general Historia-
Subdivisión cronológica 1843-1873.
9 (RLIN) 8258
852 ## - LOCALIZACIÓN
Ubicación ES-MaACL
Número de control de estantería Fol-Laf-226
Nota libre -- Sin encuadernar
-- -- Legado M. de La Fuente
condición física -- Ejemplar sin portada, datos tomados de la primera pagina
Encuadernación -- Corregir en T245: Observaciones sobre el resultado de los expedientes relativos al establecimiento de relaciones mercantiles entre España y el territorio de Uadnum en el imperio de Marruecos, y al cautiverio y rescate de los súbditos españoles D. Francisco Puyana, D. Jacobo Butler y D. José Silva
Holdings
Estatus retirado Estado de pérdida Estado de daño No para préstamo Colección Biblioteca de origen Biblioteca actual Ubicación en estantería Fecha de adquisición Fuente de adquisición Total de préstamos Signatura topográfica completa Código de barras Visto por última vez Precio de reemplazo Tipo de ítem Koha
        Colección de folletos Biblioteca del Ateneo de Madrid Biblioteca del Ateneo de Madrid Depósito folletos 17/01/2008     Fol-Laf-226 1165347 23/02/2023 23/02/2023 Folleto